000
00347pab a2200157 454500
008
180718b2007 xxu||||| |||| 00| 0 eng d
100
_a
Gupta, Pawan K.
245
_a
An overview of education today
260
_c
2007
300
_a
p.57-69.
362
_a
Apr-Jun
650
_a
Education
773
_a
Dialogue
908
_a
N
909
_a
74458
999
_c
74458
_d
74458